Quiz général sur le Beaujolais. - Statistiques

Statistiques générales
  • Ce quiz a été pris 196 fois
  • Le résultat moyen est 8 sur 14
Statistiques - réponses
Question Réponse % Correct
Au nord de quelle grande ville se situe le Beaujolais ? Lyon
95%
Il s'étend sur 3 département, lesquels ? Rhône
88%
Quel produit d'appellation d'origine contrôlée y est fabriqué ? Vin
72%
De quoi fête-on l'arrivé chaque année en novembre (en rapport avec la question précédente) ? Beaujolais nouveau
69%
Quelle est la principale rivière qui traverse le Beaujolais pour se jeter dans le Rhône ? Saône
66%
Quelle est sa capitale actuelle ? Villefranche-sur-Saône
63%
Combien y-a-t-il de crus du Beaujolais ? 10
62%
Loire
59%
Quelle est sa capitale historique ? Beaujeu
55%
Quel club de football évoluant en National est situé dans le Beaujolais ? FCVB
45%
Saône-et-Loire
41%
Quel cru du Beaujolais tiendrait son nom de Jules César ? Juliénas
40%
Quel colline couverte de vigne, trouve à son sommet la Chapelle Notre-Dame-des-Raisins ? Le mont Brouilly
24%
A quelle altitude est située son point culminant, le mont saint Rigaud ? 1009 mètres
14%
Aucun quiz correspondant
Distribution des résultats
% des personnes avec chaque résultat
Percentile par nombre de réponses
Votre historique - résultats
Vous n’avez pas pris ce quiz